| 000 | 00842nam a2200265Ia 4500 | ||
|---|---|---|---|
| 003 | OSt | ||
| 005 | 20221005072548.0 | ||
| 006 | a|||||r|||| 00| 0 | ||
| 007 | ta | ||
| 008 | 221004b |||||||| |||| 00| 0 eng d | ||
| 024 | _a83863 | ||
| 037 | _cTextual | ||
| 040 |
_aCRL _cCRL _beng |
||
| 041 |
_2eng _aeng |
||
| 082 | _aX8(MV4).2, P5 | ||
| 110 |
_aIndia (Govt. of---). Defence (Ministry of ---). Defence Production (Deptt. of ---) _9607232 |
||
| 245 | 0 | _aIndian defence products | |
| 260 |
_aNew Delhi _bDepartment of Defence Production India _c2005 |
||
| 300 |
_a298p. _ccm. |
||
| 650 | _a ECONOMICS | ||
| 650 |
_aDEFENCE INDUSTRY _9346662 |
||
| 700 |
_aIndia (Govt. of---). Defence (Ministry of ---). Defence Production (Deptt. of ---) _9607233 |
||
| 942 |
_hX8(MV4).2, P5 _cTEXL _2cc |
||
| 999 |
_c979622 _d979622 |
||